Histología vegetal básica / (Record no. 112155)
[ view plain ]
| 000 -LEADER | |
|---|---|
| fixed length control field | 00566cam a2200181 4500 |
| 008 - FIXED-LENGTH DATA ELEMENTS--GENERAL INFORMATION | |
| fixed length control field | 1980 spa |
| 020 ## - INTERNATIONAL STANDARD BOOK NUMBER | |
| International Standard Book Number | 84-7214-202-7 |
| 050 #4 - LIBRARY OF CONGRESS CALL NUMBER | |
| Classification number | QK671 |
| Item number | C6 1980 |
| 100 1# - MAIN ENTRY--PERSONAL NAME | |
| Personal name | Cortés Benavides, Felipe |
| 245 #0 - TITLE STATEMENT | |
| Title | Histología vegetal básica / |
| Statement of responsibility, etc | Felipe Cortés Benavides ; il. Francisco Marín Bustamante. |
| 260 ## - PUBLICATION, DISTRIBUTION, ETC. (IMPRINT) | |
| Place of publication, distribution, etc | Madrid : |
| Name of publisher, distributor, etc | H. Blume, |
| Date of publication, distribution, etc | 1980 |
| 650 #4 - SUBJECT ADDED ENTRY--TOPICAL TERM | |
| Topical term or geographic name as entry element | Botánica |
| General subdivision | Anatomía |
| 650 #4 - SUBJECT ADDED ENTRY--TOPICAL TERM | |
| Topical term or geographic name as entry element | Plantas |
| General subdivision | Celulas y tejidos |
| 700 1# - ADDED ENTRY--PERSONAL NAME | |
| Personal name | Marín Bustamante, Francisco, |
| Relator term | il. |
| 942 ## - ADDED ENTRY ELEMENTS (KOHA) | |
| Source of classification or shelving scheme | Biblioteca del Cogreso de los Estados Unidos |
| Koha item type | Libro |
| Estado de pérdida | Fuente de clasificación | Estado del daño | No para préstamo | Ubicación permanente | Ubicación actual | Apartado o colección | Fecha de adquisición | Edición | Dependencia de educación superior (DES) | Área del conocimiento | Clasificación | Código de Barras | Date last seen | Número de copia | Costo por reposición | Tipo de recurso | Total Checkouts | Date checked out |
|---|---|---|---|---|---|---|---|---|---|---|---|---|---|---|---|---|---|---|
| Biblioteca del Cogreso de los Estados Unidos | Uso interno Biblioteca | Biblioteca de la Facultad de Biología | Biblioteca de la Facultad de Biología | General | 08/02/2016 | 1a. ed. | Ciencias Biológicas y Agropecuarias | Ciencias Naturales y Exactas | QK671 C6 1980 | BFB000003948 | 08/02/2016 | C:1 | 1.00 | Libro | ||||
| Biblioteca del Cogreso de los Estados Unidos | Biblioteca de la Facultad de Biología | Biblioteca de la Facultad de Biología | General | 08/02/2016 | 1a. ed. | Ciencias Biológicas y Agropecuarias | Ciencias Naturales y Exactas | QK671 C6 1980 | BFB000003949 | 27/09/2022 | C:2 | 1.00 | Libro | 4 | 23/09/2022 |